000 00776nam a2200229Ia 4500
003 OSt
005 20250204114617.0
008 210716s2013 xx 000 0 und d
020 _a9781782167266
040 _cAIMIT LIBRARY
041 _aeng
082 _a006.671
_21
_bBARR
100 _aBarton, Rick.
_9197439
245 _aTalend open studio cookbook :
_bover 100 recipes to help you master talend open studio and become a more effective data integration developer /
_cBy Rick Barton.
250 _a1st ed.
260 _aMumbai :
_bPackt Publishing Ltd ,
_c2013.
300 _aiv,253p. ;
_bPB
_c24 cm
650 _aMetadata and schemas
_9197440
650 _aWorking with databases
_9197441
650 _aManaging files
_9197442
942 _2ddc
_cBK
_e1st
_k006.671 BARR
999 _c196259
_d196259